000
00291nam a2200121Ia 4500
008
190216s9999||||xx |||||||||||||| ||und||
100
_a
Kulkarni M R
245
0
_a
Industrial Development
260
_b
National Book Trust India
_c
1971
300
_a
452 p
650
_a
Economics
942
_c
BK
999
_c
10604
_d
10604